00844 2200277 4500001002100000005001700021008004100038020002200079035002500101040001200126082001500138090001700153100002000170245010700190250001100297260005400308300002800362504003100390650003400421700002200455700002300477850001200500990001800512990001800530990001800548INLIS00000000000394620150730133914.0  a978-602-1508-43-5 a0010-041500000001012 aYOPDYOG 223a297.01 a297.01 Sae P aSAEED, Abdullah aPemikiran Islamb: Sebuah pengantarc/ Abdullah Saeed; Editor, Sahiron Syamsuddin dan M. Nur Prabowo S aCet. 1 aYogyakartabBaitul Hikmah Press dan Kaukabac2014 axiv, 300 hlm.c; 21 cm. aBibliografi : hlm. 277-299 aIslam - Pikiran dan Pemikiran aNUR Prabowo S, M. aSAHIRON Syamsuddin aYOPDYOG a11263-PD/B.15 a11264-PD/B.15 a11265-PD/B.15